000 01891nam2a22003011 4500
001 v19\rc\1818255
005 20250619132351.0
035 _a(NLR Aleph) 004916635
090 _a5533845
_c5533845
100 _a20071224d19071897|||y0rusy50 ca
101 0 _arus
102 _aRU
105 _ay z |||||
200 1 _aОбщая часть
_aГоспитальная деятельность Больницы
_aОгнестрельные и другие повреждения за декабрь 1905 года
_aСметы за 1903-1905 гг.
210 _d1907
_aБ. м.
215 _a15 с.
300 _aПеред загл. сост.: Д.Е. Горохов
311 _aОтд. отт. из "Мед. отчета Моск. Софийской дет. б-цы за 1897-1905 гг." Вып. 1
461 0 _1001v19\rc\1818254
_12001#$aОтчет ...$vза 1903-1905 гг.
_95533839
_aМосковская Софийская детская больница
_cМосква
_d1907
_tОтчет ...
_vза 1903-1905 гг.
488 0 _12001#$aМедицинский отчет Московской Софийской детской больницы за 1897-1905 гг.$vВып. 1
_tМедицинский отчет Московской Софийской детской больницы за 1897-1905 гг.
532 1 1 _aОгнестрельные и другие повреждения за декабрь тысяча девятьсот пятого года
532 1 1 _aСметы за тысяча девятьсот третий-тысяча девятьсот пятый гг.
702 1 _4220
_aГорохов
_bД. Е.
_cдетский хирург, обществ. деятель
_f1863-1921
_gДмитрий Егорович
_9161558
_3RU\NLR\AUTH\770161602
801 0 _aRU
_bNLR
_gpsbo
801 1 _aRU
_bProSoft-M
_2rusmarc
852 _aNLR
_j34.61а.4.61
942 _cBOOK
980 _aNB